[Event "CZE-ch blitz"]
[Site "Prague"]
[Date "2018.12.22"]
[Round "1"]
[White "Valek, Tomas"]
[Black "Navara, David"]
[Result "0-1"]
[WhiteElo "1941"]
[BlackElo "2736"]
[PlyCount "34"]
[EventDate "2018.12.22"]
[EventType "swiss (blitz)"]
[EventRounds "15"]
[EventCountry "CZE"]
[SourceTitle "CBM 187 Extra"]
[Source "ChessBase"]
[SourceDate "2018.11.04"]
[SourceVersion "1"]
[SourceVersionDate "2018.11.04"]
[SourceQuality "1"]

1. d4 Nf6 2. Nf3 e6 3. c4 b6 4. Bg5 h6 5. Bh4 Bb7 6. e3 Bb4+ 7. Nbd2 g5 8. Bg3 g4 9. Ne5 Ne4 10. Qxg4 Bxd2+ 11. Kd1 Qg5 12. Qxg5 hxg5 13. f3 Nxg3 14. Rg1 Bxe3 15. hxg3 Bxg1 16. Bd3 Bxd4 17. Ng4 Rh1+ 0-1

[Event "Tabor op"]
[Site "Tabor"]
[Date "2013.07.29"]
[Round "3"]
[White "Jedlicka, Ales"]
[Black "Valek, Tomas"]
[Result "1-0"]
[WhiteElo "2226"]
[BlackElo "1857"]
[PlyCount "57"]
[EventDate "2013.07.28"]
[EventType "swiss"]
[EventRounds "9"]
[EventCountry "CZE"]
[SourceTitle "CBM 155 Extra"]
[Source "ChessBase"]
[SourceDate "2013.08.26"]
[SourceVersion "1"]
[SourceVersionDate "2013.08.26"]
[SourceQuality "1"]

1. d4 Nf6 2. c4 e5 3. dxe5 Ng4 4. Bf4 Nc6 5. Nf3 Bb4+ 6. Nbd2 Qe7 7. e3 Ngxe5 8. Nxe5 Nxe5 9. Be2 0-0 10. 0-0 d6 11. Nb3 f5 12. Rc1 g5 13. Bxe5 Qxe5 14. a3 Bc5 15. Nxc5 dxc5 16. Qd5+ Qxd5 17. cxd5 b6 18. Rfd1 Bb7 19. b4 Rad8 20. bxc5 bxc5 21. Rxc5 Rd7 22. Bb5 Re7 23. h4 gxh4 24. Rd4 Kg7 25. Rxh4 Kg6 26. Bc6 Bxc6 27. Rxc6+ Kg5 28. Rch6 f4 29. R4h5+ 1-0

[Event "Tabor op"]
[Site "Tabor"]
[Date "2012.08.05"]
[Round "9"]
[White "Milostny, Milos"]
[Black "Valek, Tomas"]
[Result "0-1"]
[WhiteElo "1955"]
[BlackElo "1823"]
[PlyCount "90"]
[EventDate "2012.07.29"]
[EventType "swiss"]
[EventRounds "9"]
[EventCountry "CZE"]
[SourceTitle "EXT 2013"]
[Source "ChessBase"]
[SourceDate "2012.11.22"]
[SourceVersion "1"]
[SourceVersionDate "2012.11.22"]
[SourceQuality "1"]

1. Nf3 c5 2. c4 Nc6 3. b3 Nf6 4. Bb2 g6 5. e3 Bg7 6. Be2 0-0 7. 0-0 d6 8. d3 a6 9. Nbd2 b5 10. a3 e5 11. Rc1 Qb6 12. Rc2 Bd7 13. Qa1 Ne8 14. Ne1 Nc7 15. Ne4 bxc4 16. bxc4 Na5 17. Nd2 Ba4 18. Rc1 Rab8 19. Bc3 Nb3 20. Nxb3 Bxb3 21. Nf3 Ne6 22. Rb1 Qc6 23. Bd1 Bxd1 24. Rfxd1 a5 25. a4 Qc7 26. Rb5 Rxb5 27. cxb5 Rc8 28. Rb1 Qb6 29. Qb2 c4 30. d4 e4 31. Ne1 d5 32. Qd2 Ra8 33. f3 f5 34. fxe4 fxe4 35. g3 Bh6 36. Ng2 Ng5 37. Nh4 Rf8 38. Rf1 Nf3+ 39. Nxf3 exf3 40. Kf2 Qe6 41. Bxa5 Qh3 42. Ke1 Qe6 43. Kf2 Re8 44. Re1 Qh3 45. Kg1 Rxe3 0-1

[Event "Tabor op"]
[Site "Tabor"]
[Date "2012.08.01"]
[Round "5"]
[White "Kraus, Ondrej"]
[Black "Valek, Tomas"]
[Result "1-0"]
[WhiteElo "2028"]
[BlackElo "1823"]
[PlyCount "63"]
[EventDate "2012.07.29"]
[EventType "swiss"]
[EventRounds "9"]
[EventCountry "CZE"]
[SourceTitle "EXT 2013"]
[Source "ChessBase"]
[SourceDate "2012.11.22"]
[SourceVersion "1"]
[SourceVersionDate "2012.11.22"]
[SourceQuality "1"]

1. d4 Nf6 2. Nf3 e6 3. g3 c5 4. Bg2 Nc6 5. 0-0 d5 6. c4 dxc4 7. e3 Be7 8. Na3 cxd4 9. Nxd4 Nxd4 10. exd4 a6 11. Nxc4 Rb8 12. Bf4 Bd7 13. Bxb8 Qxb8 14. Na5 Bb5 15. Re1 Bb4 16. Nxb7 0-0 17. Re3 Nd5 18. Bxd5 exd5 19. Nc5 Qd6 20. a4 Be8 21. Qe2 Bxc5 22. dxc5 Qc6 23. b4 Qa8 24. Qb2 Qc6 25. Qd4 Bd7 26. Re7 h6 27. Qe5 Rd8 28. Re1 Be6 29. Qc7 Qa8 30. c6 Rb8 31. Rc1 Bh3 32. Rxf7 1-0

[Event "Tabor op"]
[Site "Tabor"]
[Date "2011.07.31"]
[Round "1"]
[White "Valek, Tomas"]
[Black "Michalek, Jan"]
[Result "0-1"]
[WhiteElo "1840"]
[BlackElo "2322"]
[PlyCount "56"]
[EventDate "2011.07.31"]
[EventType "swiss"]
[EventRounds "9"]
[EventCountry "CZE"]
[SourceTitle "CBM 143 Extra"]
[Source "ChessBase"]
[SourceDate "2011.08.29"]
[SourceVersion "1"]
[SourceVersionDate "2011.08.29"]
[SourceQuality "1"]

1. f4 g6 2. Nf3 Bg7 3. e4 c5 4. Bc4 e6 5. Nc3 Ne7 6. 0-0 d5 7. Bb5+ Nbc6 8. e5 Bd7 9. d4 Qb6 10. Be3 Nf5 11. dxc5 Nxe3 12. cxb6 Nxd1 13. Raxd1 axb6 14. a3 0-0 15. Ne2 Nxe5 16. Bxd7 Nxd7 17. c3 Nc5 18. Ned4 Ne4 19. Nd2 Bxd4+ 20. cxd4 Nd6 21. Rc1 Rfc8 22. Nf3 f6 23. Kf2 Kf7 24. g4 Rc4 25. g5 Rac8 26. Rb1 Rc2+ 27. Kg1 Nc4 28. gxf6 Nd2 0-1

[Event "Tabor op"]
[Site "Tabor"]
[Date "2010.08.04"]
[Round "5"]
[White "Omelka, Antonin"]
[Black "Valek, Tomas"]
[Result "1-0"]
[WhiteElo "1981"]
[BlackElo "1815"]
[PlyCount "57"]
[EventDate "2010.08.01"]
[EventType "swiss"]
[EventRounds "9"]
[EventCountry "CZE"]
[SourceTitle "EXT 2012"]
[Source "ChessBase"]
[SourceDate "2011.11.24"]
[SourceVersion "1"]
[SourceVersionDate "2011.11.24"]
[SourceQuality "1"]

1. e4 e6 2. d3 d5 3. Nd2 c5 4. Ngf3 Nc6 5. g3 Bd6 6. Bg2 Nge7 7. Qe2 Qc7 8. 0-0 0-0 9. Re1 Ng6 10. c3 b5 11. d4 c4 12. exd5 exd5 13. Nf1 b4 14. Ne3 Nce7 15. Ng5 Bb7 16. Qh5 h6 17. Nh3 Rad8 18. Ng4 f6 19. Bd2 bxc3 20. bxc3 Kh7 21. Rab1 Bc6 22. Bxh6 gxh6 23. Qxh6+ Kg8 24. Re6 Ne5 25. dxe5 Bxe5 26. Nxe5 fxe5 27. Ng5 Rf5 28. Qh7+ Kf8 29. Rxe7 1-0

[Event "Tabor op"]
[Site "Tabor"]
[Date "2010.08.03"]
[Round "4"]
[White "Valek, Tomas"]
[Black "Riha, Frantisek"]
[Result "1-0"]
[WhiteElo "1815"]
[BlackElo "1465"]
[PlyCount "31"]
[EventDate "2010.08.01"]
[EventType "swiss"]
[EventRounds "9"]
[EventCountry "CZE"]
[SourceTitle "EXT 2012"]
[Source "ChessBase"]
[SourceDate "2011.11.24"]
[SourceVersion "1"]
[SourceVersionDate "2011.11.24"]
[SourceQuality "1"]

1. e4 e5 2. f4 d5 3. exd5 exf4 4. Nf3 Nf6 5. Bc4 Nxd5 6. 0-0 c6 7. Nc3 Bf5 8. d4 Nxc3 9. bxc3 Bd6 10. Re1+ Kf8 11. Ne5 Bxe5 12. Rxe5 Nd7 13. Ba3+ Kg8 14. Re7 Nb6 15. Bxf7+ Kf8 16. Rc7+ 1-0

[Event "Tabor op"]
[Site "Tabor"]
[Date "2008.08.02"]
[Round "8"]
[White "Janda, Pavel"]
[Black "Valek, Tomas"]
[Result "1-0"]
[WhiteElo "2082"]
[BlackElo "1785"]
[PlyCount "49"]
[EventDate "2008.07.26"]
[EventType "swiss"]
[EventRounds "9"]
[EventCountry "CZE"]
[SourceTitle "CBM 125 Extra"]
[Source "ChessBase"]
[SourceDate "2008.09.01"]
[SourceVersion "1"]
[SourceVersionDate "2008.09.01"]
[SourceQuality "1"]

1. e4 e6 2. d4 d5 3. Nd2 Be7 4. Bd3 c5 5. dxc5 Nf6 6. Qe2 Nc6 7. c3 d4 8. Nb3 dxc3 9. bxc3 0-0 10. Nf3 Bxc5 11. Nxc5 Qa5 12. Nb3 Qxc3+ 13. Bd2 Qb2 14. 0-0 Ne5 15. Nxe5 Qxe5 16. Rac1 Bd7 17. f4 Qb8 18. e5 Nd5 19. Nd4 a6 20. Nf3 Bc6 21. Bxh7+ Kxh7 22. Ng5+ Kg6 23. Qe4+ f5 24. exf6+ Kxf6 25. Qxe6# 1-0

[Event "CZE-ch Juniors op-A"]
[Site "Sec u Chrudimi"]
[Date "2008.03.11"]
[Round "5"]
[White "Vojir, Vaclav Jr"]
[Black "Valek, Tomas"]
[Result "1/2-1/2"]
[WhiteElo "1834"]
[BlackElo "1756"]
[PlyCount "84"]
[EventDate "2008.03.08"]
[EventType "swiss"]
[EventRounds "9"]
[EventCountry "CZE"]
[SourceTitle "EXT 2009"]
[Source "ChessBase"]
[SourceDate "2008.11.26"]
[SourceVersion "1"]
[SourceVersionDate "2008.11.26"]
[SourceQuality "1"]

1. d4 Nf6 2. Nf3 d5 3. g3 c5 4. e3 Nc6 5. Bg2 Qc7 6. 0-0 e5 7. dxe5 Nxe5 8. Nbd2 Bg4 9. h3 Bh5 10. g4 Bg6 11. Nxe5 Qxe5 12. Nf3 Qe6 13. Ng5 Qd6 14. e4 dxe4 15. Qxd6 Bxd6 16. Nxe4 Nxe4 17. Bxe4 Bxe4 18. Re1 0-0-0 19. Rxe4 Rde8 20. Rxe8+ Rxe8 21. Be3 Kc7 22. Rd1 Kc6 23. c4 a6 24. Kg2 b5 25. b3 g6 26. Kf3 f5 27. gxf5 gxf5 28. cxb5+ axb5 29. a4 bxa4 30. bxa4 Re4 31. Ra1 Be5 32. Ra2 Bd4 33. a5 Kb7 34. Rc2 Ka6 35. Bxd4 cxd4 36. Rc5 d3 37. Rd5 Rh4 38. Kg3 Rh5 39. Rxd3 Kxa5 40. Rb3 Ka4 41. Rb7 Ka5 42. h4 Ka4 1/2-1/2

[Event "Tabor op"]
[Site "Tabor"]
[Date "2007.08.03"]
[Round "7"]
[White "Kral, Ladislav"]
[Black "Valek, Tomas"]
[Result "0-1"]
[WhiteElo "1564"]
[BlackElo "1733"]
[PlyCount "42"]
[EventDate "2007.07.29"]
[EventType "swiss"]
[EventRounds "9"]
[EventCountry "CZE"]
[SourceTitle "EXT 2009"]
[Source "ChessBase"]
[SourceDate "2008.11.26"]
[SourceVersion "1"]
[SourceVersionDate "2008.11.26"]
[SourceQuality "1"]

1. e4 Nf6 2. e5 Nd5 3. d4 d6 4. f4 dxe5 5. fxe5 Nc6 6. Nf3 Bg4 7. c3 e6 8. Be2 Be7 9. 0-0 0-0 10. c4 Nb6 11. Be3 Bxf3 12. Rxf3 Bg5 13. Bxg5 Qxg5 14. Na3 Rad8 15. Rd3 Nxd4 16. Kh1 Nxe2 17. Qxe2 Rxd3 18. Qxd3 Rd8 19. Qf3 Qxe5 20. Rb1 Qf6 21. Qe2 Qg6 0-1

[Event "Tabor op"]
[Site "Tabor"]
[Date "2007.07.30"]
[Round "3"]
[White "Valek, Tomas"]
[Black "Pravdik, Kamil"]
[Result "0-1"]
[WhiteElo "1733"]
[BlackElo "2011"]
[PlyCount "82"]
[EventDate "2007.07.29"]
[EventType "swiss"]
[EventRounds "9"]
[EventCountry "CZE"]
[SourceTitle "EXT 2009"]
[Source "ChessBase"]
[SourceDate "2008.11.26"]
[SourceVersion "1"]
[SourceVersionDate "2008.11.26"]
[SourceQuality "1"]

1. f4 Nf6 2. Nf3 g6 3. b3 Bg7 4. Bb2 0-0 5. e3 c5 6. a3 Nc6 7. Bb5 Qc7 8. Bxc6 Qxc6 9. c4 d6 10. 0-0 a6 11. d4 b5 12. d5 Qb6 13. Qe2 Rb8 14. Ra2 bxc4 15. bxc4 Qb3 16. Ba1 Bf5 17. Rb2 Qd3 18. Qxd3 Bxd3 19. Rc1 Rxb2 20. Bxb2 Rb8 21. Bxf6 Bxf6 22. Nbd2 Rb2 23. e4 Ra2 24. e5 dxe5 25. fxe5 Bxe5 26. Nxe5 Rxd2 27. Rc3 Be4 28. Re3 f5 29. Kf1 Bxg2+ 30. Ke1 Rc2 31. Rb3 f4 32. Kd1 Ra2 33. Ke1 f3 34. Ng4 Re2+ 35. Kd1 f2 36. Nxf2 Rxf2 37. Rb6 Rf6 38. Rb7 Bf1 39. Rc7 Bxc4 40. Rxc5 Bxd5 41. Kc2 Rc6 0-1

[Event "CZE-chT U18 0506"]
[Site "Czech Republic"]
[Date "2006.??.??"]
[Round "?"]
[White "Valek, Tomas"]
[Black "Chlad, Lukas"]
[Result "0-1"]
[WhiteElo "1404"]
[BlackElo "1680"]
[PlyCount "87"]
[EventDate "2005.10.08"]
[EventType "team"]
[EventRounds "11"]
[EventCountry "CZE"]
[SourceTitle "EXT 2009"]
[Source "ChessBase"]
[SourceDate "2008.11.26"]
[SourceVersion "1"]
[SourceVersionDate "2008.11.26"]
[SourceQuality "1"]
[WhiteTeam "Tabor"]
[BlackTeam "Plzen"]
[WhiteTeamCountry "CZE"]
[BlackTeamCountry "CZE"]

1. e4 c5 2. Nc3 Nc6 3. g3 g6 4. Bg2 Bg7 5. f4 d6 6. Nf3 Nf6 7. d3 0-0 8. 0-0 Rb8 9. Nh4 b5 10. e5 Nxe5 11. fxe5 dxe5 12. Nf3 Qc7 13. Kh1 Bf5 14. Bg5 Rfd8 15. Nxe5 Qxe5 16. Bf4 Qd4 17. Bxb8 Rxb8 18. Rf4 Qd7 19. Qe2 b4 20. Ne4 Nxe4 21. Bxe4 Bxe4+ 22. Qxe4 Bxb2 23. Raf1 Bf6 24. Qc4 Qb7+ 25. Qe4 Qd7 26. g4 h6 27. h4 Rf8 28. Kg2 Qd4 29. Qxd4 Bxd4 30. Re4 e6 31. g5 h5 32. Kf3 Rd8 33. Rf4 Kf8 34. Ke2 Rd7 35. R1f3 e5 36. Re4 Rd6 37. Rf6 Rxf6 38. gxf6 Ke8 39. Kf3 Kd7 40. Re1 Ke6 41. Ke4 Kxf6 42. Kd5 Ke7 43. Kc6 Ke6 44. Kb5 0-1

[Event "CZE-chT U18 0506"]
[Site "Czech Republic"]
[Date "2006.??.??"]
[Round "2.5"]
[White "Valek, Tomas"]
[Black "Nemec, Vaclav"]
[Result "0-1"]
[WhiteElo "1404"]
[BlackElo "1679"]
[PlyCount "80"]
[EventDate "2005.10.08"]
[EventType "team"]
[EventRounds "11"]
[EventCountry "CZE"]
[SourceTitle "EXT 2009"]
[Source "ChessBase"]
[SourceDate "2008.11.26"]
[SourceVersion "1"]
[SourceVersionDate "2008.11.26"]
[SourceQuality "1"]
[WhiteTeam "Tabor"]
[BlackTeam "Praha Oaza"]
[WhiteTeamCountry "CZE"]
[BlackTeamCountry "CZE"]

1. e4 c5 2. f4 Nc6 3. Nf3 Nf6 4. Nc3 e6 5. Bb5 Qc7 6. Bxc6 bxc6 7. d3 d5 8. e5 Nd7 9. 0-0 Be7 10. Qe1 0-0 11. Bd2 Ba6 12. Qg3 c4 13. d4 c5 14. Kh1 cxd4 15. Nxd4 Qb6 16. Nce2 Qxb2 17. f5 Qb6 18. f6 Bxf6 19. exf6 g6 20. Qh3 e5 21. Qxd7 exd4 22. Qh3 Kh8 23. Rab1 Qc7 24. Bb4 Rg8 25. Nf4 Qc6 26. Be7 Bc8 27. Qf3 Bb7 28. Nxd5 Qxd5 29. Rxb7 Qe6 30. h3 a5 31. Rfb1 a4 32. Qf4 g5 33. Qxd4 a3 34. Bxa3 Rxa3 35. Qb2 Rxh3+ 36. gxh3 Qxh3+ 37. Kg1 Qg3+ 38. Kf1 Qf3+ 39. Ke1 Qe3+ 40. Kd1 Rd8+ 0-1

[Event "Tabor op"]
[Site "Tabor"]
[Date "2005.08.??"]
[Round "9"]
[White "Holub, Jan"]
[Black "Valek, Tomas"]
[Result "0-1"]
[WhiteElo "1250"]
[BlackElo "1420"]
[PlyCount "80"]
[EventDate "2005.07.30"]
[EventType "swiss"]
[EventRounds "9"]
[EventCountry "CZE"]
[SourceTitle "EXT 2006"]
[Source "ChessBase"]
[SourceDate "2005.11.24"]
[SourceVersion "1"]
[SourceVersionDate "2005.11.24"]
[SourceQuality "1"]

1. e4 e5 2. Nf3 Nc6 3. Bc4 Bc5 4. 0-0 Nf6 5. d3 d6 6. h3 Be6 7. Bxe6 fxe6 8. Be3 Bb6 9. d4 exd4 10. Nxd4 Nxd4 11. Bxd4 e5 12. Bxb6 axb6 13. Nc3 0-0 14. Nd5 Nxe4 15. Nxc7 Qxc7 16. Qd5+ Kh8 17. Qxe4 Qc6 18. Qxc6 bxc6 19. Rfd1 d5 20. b4 b5 21. Rd3 Rf4 22. Rc3 Rc4 23. Rxc4 bxc4 24. Kf1 Kg8 25. Ke2 Kf7 26. Ke3 Ra3+ 27. Ke2 Ke6 28. Kd2 d4 29. Kc1 c3 30. Rb1 Rxa2 31. b5 cxb5 32. Rxb5 Ra1+ 33. Rb1 Rxb1+ 34. Kxb1 Kd5 35. Kc1 Kc4 36. Kd1 d3 37. cxd3+ Kxd3 38. Kc1 e4 39. f3 e3 40. Kd1 e2+ 0-1

[Event "Tabor op"]
[Site "Tabor"]
[Date "2005.08.??"]
[Round "5"]
[White "Valek, Tomas"]
[Black "Chloupek, Jaroslav"]
[Result "0-1"]
[WhiteElo "1420"]
[BlackElo "1722"]
[PlyCount "106"]
[EventDate "2005.07.30"]
[EventType "swiss"]
[EventRounds "9"]
[EventCountry "CZE"]
[SourceTitle "EXT 2006"]
[Source "ChessBase"]
[SourceDate "2005.11.24"]
[SourceVersion "1"]
[SourceVersionDate "2005.11.24"]
[SourceQuality "1"]

1. e4 c5 2. f4 d6 3. b3 Nc6 4. Nf3 Bd7 5. Be2 e6 6. Bb2 Nge7 7. d4 cxd4 8. Nxd4 Nxd4 9. Bxd4 d5 10. Nd2 Qa5 11. 0-0 Nc6 12. Be3 Be7 13. exd5 Qxd5 14. Bf3 Qa5 15. Nc4 Qc7 16. Qe2 0-0 17. Rad1 Rfd8 18. Rd2 Rac8 19. c3 b5 20. Nb2 a6 21. b4 Bf6 22. Nd1 Ne7 23. Bc5 Bc6 24. Rc2 Nd5 25. Bxd5 Bxd5 26. Qf2 Qb7 27. Rd2 Bc4 28. Re1 Rd7 29. Rc2 Rcd8 30. Ne3 Bd3 31. Rcc1 Bg6 32. Ng4 Rd2 33. Qg3 Be7 34. Bxe7 Qxe7 35. Ne5 Qf6 36. Ra1 h6 37. a4 Rc2 38. axb5 axb5 39. Ra5 Rd5 40. Qf3 Rcd2 41. Ra8+ Kh7 42. Rc8 Ra2 43. Ng4 Qe7 44. Ne3 Rd3 45. h3 Qd7 46. Rc5 Rc2 47. Qf1 Rcxc3 48. Rxc3 Rxc3 49. Rd1 Qa7 50. Qe1 Qxe3+ 51. Qxe3 Rxe3 52. Kf2 Re4 53. g4 Rxb4 0-1

[Event "Tabor op"]
[Site "Tabor"]
[Date "2005.08.??"]
[Round "?"]
[White "Valek, Tomas"]
[Black "Richtr, Tomas"]
[Result "0-1"]
[WhiteElo "1420"]
[BlackElo "1643"]
[PlyCount "110"]
[EventDate "2005.07.30"]
[EventType "swiss"]
[EventRounds "9"]
[EventCountry "CZE"]
[SourceTitle "EXT 2006"]
[Source "ChessBase"]
[SourceDate "2005.11.24"]
[SourceVersion "1"]
[SourceVersionDate "2005.11.24"]
[SourceQuality "1"]

1. e4 c5 2. f4 Nc6 3. Nf3 g6 4. d4 cxd4 5. Nxd4 d6 6. Nc3 Bg7 7. Bb5 Bd7 8. Be3 Nf6 9. 0-0 Ng4 10. Bxc6 Nxe3 11. Bxd7+ Qxd7 12. Qd3 Nxf1 13. Rxf1 0-0 14. f5 Rac8 15. Kh1 Rc5 16. b4 Rxc3 17. Qxc3 Rc8 18. Qd3 d5 19. Nb3 Rc3 20. Qd2 Qc7 21. fxg6 hxg6 22. Qxd5 Qc4 23. Qxc4 Rxc4 24. a3 Rxc2 25. g3 Rc3 26. Rb1 Re3 27. a4 b6 28. e5 Bxe5 29. Nd2 Bc3 30. Nf1 Re1 31. Rxe1 Bxe1 32. b5 Bc3 33. Kg2 f5 34. Ne3 Kf7 35. Kf3 e5 36. Nd5 Bd4 37. Nb4 e4+ 38. Ke2 Bg1 39. Kf1 Bc5 40. Nc6 Ke6 41. Nxa7 Kd5 42. Nc6 g5 43. h4 gxh4 44. gxh4 Bf8 45. Nb8 Kd6 46. h5 f4 47. Nc6 f3 48. Kf2 Kd5 49. Ke1 e3 50. Kd1 Bg7 51. Nb4+ Kc4 52. Nc2 e2+ 53. Ke1 Kc3 54. Ne3 Kd3 55. Nd5 Bh6 0-1